लखनऊ की नगर वधु / (Record no. 115452)

MARC details
000 -LEADER
fixed length control field 01192nam a22002657a 4500
005 - DATE AND TIME OF LATEST TRANSACTION
control field 20170124103024.0
010 ## - LIBRARY OF CONGRESS CONTROL NUMBER
LC control number A-988477
020 ## - INTERNATIONAL STANDARD BOOK NUMBER
Terms of availability 125.00
035 ## - SYSTEM CONTROL NUMBER
System control number A-988477
037 ## - SOURCE OF ACQUISITION
Source of stock number/acquisition Cen Lib/Ret
040 ## - CATALOGING SOURCE
Original cataloging agency DPL
Language of cataloging HN
082 ## - DEWEY DECIMAL CLASSIFICATION NUMBER
Classification number
Item number रुसवा
100 ## - MAIN ENTRY--PERSONAL NAME
Personal name रुसवा, मिर्ज़ा हादी
9 (RLIN) 61491
245 ## - TITLE STATEMENT
Title लखनऊ की नगर वधु /
Statement of responsibility, etc मिर्ज़ा हादी रुसवा ; अनुवादक कृष्णदेव झारी
246 ## - VARYING FORM OF TITLE
Title proper/short title Lucknow ki nagar vadhu /
Remainder of title by Mirza Hadi Rusva ; anuvadak Krishndev Jhari
260 ## - PUBLICATION, DISTRIBUTION, ETC. (IMPRINT)
Place of publication, distribution, etc नई दिल्ली
Name of publisher, distributor, etc इतिहास शोध संस्थान
Date of publication, distribution, etc 2000
270 ## - ADDRESS
Address भूल्भुलाय्या रोड, महरौली
City नई दिल्ली
Postal code 110030
300 ## - PHYSICAL DESCRIPTION
Extent 188पृ.
Dimensions 16सेमी(सजिल्द)
650 ## - SUBJECT ADDED ENTRY--TOPICAL TERM
Topical term or geographic name as entry element हिंदी साहित्य
9 (RLIN) 61492
650 ## - SUBJECT ADDED ENTRY--TOPICAL TERM
Topical term or geographic name as entry element हिंदी उपन्यास
9 (RLIN) 61493
650 ## - SUBJECT ADDED ENTRY--TOPICAL TERM
Topical term or geographic name as entry element Hindi literature
9 (RLIN) 61494
650 ## - SUBJECT ADDED ENTRY--TOPICAL TERM
Topical term or geographic name as entry element Hindi fiction
9 (RLIN) 27248
700 ## - ADDED ENTRY--PERSONAL NAME
Numeration झारी, कृष्णदेव
9 (RLIN) 61495
942 ## - ADDED ENTRY ELEMENTS (KOHA)
Source of classification or shelving scheme Dewey Decimal Classification
Koha item type Hindi Books
Classification part
Call number suffix रुसवा
Holdings
Withdrawn status Lost status Damaged status Not for loan Home library Current library Date acquired Source of acquisition Cost, normal purchase price Total Checkouts Total Renewals Full call number Barcode Date last seen Date checked out Copy number Cost, replacement price Price effective from Koha item type
        Central Library Central Library 20/08/2015 Cen Lib/Ref 125.00 3 1 उ रुसवा A-988477 23/09/2024 10/09/2024 1 125.00 20/08/2015 Hindi Books

© Delhi Public Library
Hit Counter
free hit counter